Monetary crisis of capitalism: Origin development (Record no. 26162)

MARC details
000 -LEADER
fixed length control field 00297nam a2200109Ia 4500
082 ## - DEWEY DECIMAL CLASSIFICATION NUMBER
Classification number 330.342.141
Item number STA
100 ## - MAIN ENTRY--AUTHOR NAME
Personal name STADNICHENKO, A
245 #0 - TITLE STATEMENT
Title Monetary crisis of capitalism: Origin development
260 ## - PUBLICATION, DISTRIBUTION, ETC. (IMPRINT)
Place of publication Moscow
Name of publisher Progress
Year of publication 1975
942 ## - ADDED ENTRY ELEMENTS (KOHA)
Koha item type Books
Holdings
Withdrawn status Lost status Damaged status Not for loan Home library Current library Date acquired Full call number Accession Number Koha item type
        RRII Library RRII Library 16/12/2021 330.342.141 STA 06800 Books